| 000 | 00684nam a22002537a 4500 | ||
|---|---|---|---|
| 003 | UA-OsUOA | ||
| 001 | 60174 | ||
| 007 | ta | ||
| 008 | 20090507b un ||||| |||| 00| 0 ukr d | ||
| 100 | _aФриман Р. | ||
| 090 |
_a621.39 _bФ88 |
||
| 942 | _cBK | ||
| 040 |
_aUA-OsUOA _brus _cUA-OsUOA _dUA-OsUOA |
||
| 245 | _aВолоконно-оптические системы связи | ||
| 300 | _a512 с. | ||
| 955 | _a2 | ||
| 041 | _arus | ||
| 080 | _a621.39 | ||
| 020 | _a978-5-94836-154-3 | ||
| 260 |
_aМ. _bТехносфера _c2007 |
||
| 250 | _n4-те доповнене | ||
| 650 | 7 |
_a621.39 Техніка електрозв'язку _2UDC |
|
| 999 |
_c346428 _d346428 |
||